| 000 | 00387nam a2200133Ia 4500 | ||
|---|---|---|---|
| 008 | 171212s9999 xx 000 0 und d | ||
| 020 | _a9780745335698 | ||
| 100 | _aFilippini, Michele | ||
| 245 |
_cFilippini, Michele _aUsing Gramsci _bA New Approach |
||
| 260 |
_bPluto Books _c2017 |
||
| 440 | _aReading Gramsci | ||
| 650 | _aPhilosophy | ||
| 856 | _uhttp://jstor.org/stable/j.ctt1h64kxd | ||
| 999 |
_c351621 _d351621 |
||